000 00820nas a2200277 4500
001 BR2011005573
003 BR-BrBNA
005 20231205115124.0
007 ta
008 230509b bl.|||p| |||| 00| 00por d
040 _aBR-BrBNA
_bpor
_cBiblioteca Nacional de Agricultura
041 _a(Pt)
072 _aQ70
100 1 _aPaula, R.A. de
100 1 _aCorrêa, R.S.
100 1 _aCotta, T.P.
245 1 _aLixiviação de nitrato de um substrato minerado tratado com lodo de esgoto doméstico
650 _aLODO RESIDUAL
650 _aREDE DE ESGOTO
650 _aMINERALIZAÇÃO
650 _aNITRATO
650 _aLIXIVIAÇÃO
773 0 _tBragantia (Brazil)
_xISSN 0006-8705
_g(Jan-Mar 2011), v. 70(1) p. 104-112
_wBR2011005573
909 _a202311
_bLúcia
_c55
_dLúcia Elande
942 _2AGRIS
_n0
_cANA
999 _c212187
_d212187